Dôchodkové systémy vo vybraných štátoch

Tri piliere dôchodkových systémov. Financovanie dôchodkov zo štátnych programov. Problémom je väčší počet pracujúcich s penzijným vekom, ako počet pracujúcich. Podiely jednotlivých pilierov na výške penzijných dávok a miera povinnej účasti v nich sa líši v jednotlivých štátoch. Príklad Švajčiarska,...

Descrizione completa

Salvato in:
Dettagli Bibliografici
Autore principale: Pechová, Michaela, 1977-
Natura: Capitolo di libro
Lingua:slovacco
Soggetti:
Tags: Aggiungi Tag
Nessun Tag, puoi essere il primo ad aggiungerne!!

MARC

LEADER 00000nla$a2200000$$$4500
001 0050720
005 20240502071602.3
041 0 |a slo 
044 |a SK 
245 1 0 |a Dôchodkové systémy vo vybraných štátoch  |c Michaela Pechová 
520 |a Tri piliere dôchodkových systémov. Financovanie dôchodkov zo štátnych programov. Problémom je väčší počet pracujúcich s penzijným vekom, ako počet pracujúcich. Podiely jednotlivých pilierov na výške penzijných dávok a miera povinnej účasti v nich sa líši v jednotlivých štátoch. Príklad Švajčiarska, Veľkej Británie a Švédska. 
610 2 0 |a systémy dôchodkové 
610 2 0 |a poistenie dôchodkové 
610 2 0 |a poistenie dôchodkové individuálne 
610 2 0 |a poistenie dôchodkové doplnkové 
610 2 0 |a Švajčiarsko 
610 2 0 |a Švédsko 
610 2 0 |a Veľká Británia 
100 1 |a Pechová, Michaela, 1977-